مكتبة جامعة عجلون الوطنية

فهرس بحث المكتبة

عقد الإجارة مصدر من مصادر التمويل الإسلامية : دراسة فقهية مقارنة (Record no. 14313)

MARC details
000 -LEADER
fixed length control field 00871nam a2200241Ii 4500
003 - CONTROL NUMBER IDENTIFIER
control field JO-AjNU
008 - FIXED-LENGTH DATA ELEMENTS--GENERAL INFORMATION
fixed length control field 230605s9999||||xx |||||||||||||| ||und||
017 ## - COPYRIGHT OR LEGAL DEPOSIT NUMBER
Copyright or legal deposit number 20/3629
020 ## - INTERNATIONAL STANDARD BOOK NUMBER
International Standard Book Number 9660-32-079-0
040 ## - CATALOGING SOURCE
Original cataloging agency JO-AjNU
Language of cataloging ara
Description conventions rda
Transcribing agency JO-AjNU
041 ## - LANGUAGE CODE
Language code of text/sound track or separate title ara
050 14 - LIBRARY OF CONGRESS CALL NUMBER
Classification number BP144.A28 2000
100 3# - MAIN ENTRY--PERSONAL NAME
Personal name أبو سليمان، عبد الوهاب ابراهيم ,
Relator term author
9 (RLIN) 27877
245 00 - TITLE STATEMENT
Title عقد الإجارة مصدر من مصادر التمويل الإسلامية : دراسة فقهية مقارنة
250 ## - EDITION STATEMENT
Edition statement ط2
264 31 - PRODUCTION, PUBLICATION, DISTRIBUTION, MANUFACTURE, AND COPYRIGHT NOTICE
Place of production, publication, distribution, manufacture جدة: المعهد الاسلامي للبحوث والتدريب ، 2000
300 ## - PHYSICAL DESCRIPTION
Extent 92ص
336 ## - CONTENT TYPE
Content type term text
Content type code txt
Source rdacontent
337 ## - MEDIA TYPE
Media type term unmediated
Media type code n
Source rdamedia
338 ## - CARRIER TYPE
Carrier type term volume
Carrier type code nc
Source rdacarrier
490 0# - SERIES STATEMENT
Series statement بحث رقم 19
650 #4 - SUBJECT ADDED ENTRY--TOPICAL TERM
Topical term or geographic name entry element اجارة- فقه اسلامي- عقود الايجار
9 (RLIN) 27878
Holdings
Withdrawn status Lost status Source of classification or shelving scheme Damaged status Not for loan Home library Current library Shelving location Date acquired Total Checkouts Full call number Barcode Date last seen Price effective from Koha item type
    Library of Congress Classification     مكتبة جامعة عجلون الوطنية مكتبة جامعة عجلون الوطنية المجموعات العامة 06/06/2023   BP144.A28 2000 A10745 06/06/2023 06/06/2023 Books